Geografické informačné systémy a ich aplikácia pri optimalizácii predaja a zvýšení konkurencieschopnosti vybranej obchodnej siete

Stručný prehľad o geografických a informačných systémoch (GIS). Základné princípy a funkcie) GIS-u so zameraním sa na aplikáciu dát pre optimalizáciu procesov vybranej maloobchodnej siete.

Salvato in:
Dettagli Bibliografici
Autore principale: Plesník, Pavol, 1956-
Natura: Capitolo di libro
Lingua:slovacco
Soggetti:
Tags: Aggiungi Tag
Nessun Tag, puoi essere il primo ad aggiungerne!!

MARC

LEADER 00000naa$a2200000$$$4500
001 0175530
005 20240530081624.6
041 0 |a slo 
044 |a SK 
245 1 0 |a Geografické informačné systémy a ich aplikácia pri optimalizácii predaja a zvýšení konkurencieschopnosti vybranej obchodnej siete  |c Pavol Plesník 
520 |a Stručný prehľad o geografických a informačných systémoch (GIS). Základné princípy a funkcie) GIS-u so zameraním sa na aplikáciu dát pre optimalizáciu procesov vybranej maloobchodnej siete. 
610 2 0 |a systémy informačné geografické 
610 2 0 |a informatika aplikovaná 
610 2 0 |a informácie geografické 
610 2 0 |a spracovanie dát 
610 2 0 |a lokalizácia 
100 1 |a Plesník, Pavol, 1956-